5 Seconds of Summer (5SOS) - No. 1 Obsession - All lyrics - Statistics

General Stats
  • This quiz has been taken 49 times
  • The average score is 268 of 308
Answer Stats
Answer % Correct
heaven,
100%
make
100%
Make
100%
me
100%
number
100%
obsession
100%
on
100%
one
100%
Take
100%
the
100%
to
100%
you
100%
your
100%
your)
100%
your,
100%
depression
97%
I,
97%
I
97%
kill
97%
a
93%
my
93%
of
93%
(Ooh,
93%
ooh,
93%
ooh-ooh,
93%
ooh-ooh)
93%
all
90%
(Ayy)
90%
dark
90%
dark)
90%
dark,
90%
darkest
90%
do
90%
eyes
90%
got
90%
heart
90%
Oh,
90%
teary
90%
that
90%
boys
86%
But
86%
can
86%
cry
86%
don't
86%
know
86%
light
86%
sunshine
86%
Sunshine
86%
(Sunshine
86%
with
86%
baby,
83%
feel
83%
I'm
83%
Shine
83%
sympathize,
79%
sympathize?
79%
alive
76%
can't
76%
Crush
72%
for
72%
in
72%
tell
72%
alright
69%
Everythin'
69%
I'll
69%
it's
69%
asleep,
66%
energy
66%
fall
66%
satisfied,
66%
satisfied
66%
see
66%
And
62%
be
62%
dying
62%
just
62%
only
62%
think
62%
type
62%
affection
59%
bit
59%
hunger
59%
keep
59%
like
59%
little
59%
over
59%
Please,
59%
reflection
59%
anything
55%
from
55%
God,
55%
takin'
55%
dream
52%
here
52%
here,
52%
I'd
52%
right
52%
Save
52%
(Save
52%
save
52%
Lucid
48%
thoughts
48%
need's
31%
No matching quizzes found
Score Distribution
Percent of People with Each Score
Percentile by Number Answered
Your Score History
You have not taken this quiz